| 000 | 01161cam a2200301 a 4500 | ||
|---|---|---|---|
| 999 |
_c7236 _d7236 |
||
| 001 | 2491795 | ||
| 003 | OSt | ||
| 005 | 20210920131818.0 | ||
| 008 | 910220s1990 enka b 001 0 eng | ||
| 010 | _a 91120321 | ||
| 020 | _a0521389658 (pbk.) | ||
| 020 | _a0521352495 (hard) | ||
| 040 |
_aDLC _cDDC _dDLC |
||
| 050 | 0 | 0 |
_aT45 _b.M45 1990 |
| 082 | 0 | 0 | _a600MEL1990 |
| 100 | 1 |
_aMelissinos, Adrian C. _q(Adrian Constantin), _d1929- _914872 |
|
| 245 | 1 | 0 |
_aPrinciples of modern technology _cEdited by Melissinos,Adrian C. |
| 260 |
_aCambridge ; _aNew York : _bCambridge University Press, _c1990. |
||
| 300 |
_axiii,337p. _bill. ; _c23cm. |
||
| 504 | _aIncludes; bibliographical references and index. | ||
| 650 | 0 |
_aPhysics _9809 |
|
| 856 | 4 | 1 |
_3Sample text _uhttp://www.loc.gov/catdir/samples/cam034/91120321.html |
| 856 | 4 | 2 |
_3Publisher description _uhttp://www.loc.gov/catdir/description/cam025/91120321.html |
| 856 | 4 | 1 |
_3Table of contents _uhttp://www.loc.gov/catdir/toc/cam021/91120321.html |
| 906 |
_a7 _bcbc _corignew _d3 _encip _f19 _gy-gencatlg |
||
| 942 |
_2ddc _cO_SHELF |
||